| 000 | 01297nam a22003737a 4500 | ||
|---|---|---|---|
| 003 | CHAP | ||
| 005 | 20220817043047.0 | ||
| 008 | 971010s1984 r 00010 d | ||
| 010 | _a64270 | ||
| 011 | _a65242 | ||
| 035 | _a71575 | ||
| 040 | _cCHAP | ||
| 090 | _aTesis | ||
| 100 | 0 | 0 | _aOrozco Mayren, Gilberto. |
| 245 | _aCuantificación de las pérdidas de suelo y escurrimiento superficial en tres tipos de cobertura de pasto bajo condiciones de lluvia simulada, en Lomas de San Juan, Chapingo, Méx. | ||
| 260 |
_aChapingo, Méx. : _bEl autor, _c1984 |
||
| 300 | _a121 h | ||
| 502 | _aTesis (Ing. Agr. Esp. en Suelos) -- UACH. Departamento de Suelos | ||
| 590 |
_aALEPH _b10 _c20130110 _lUCH01 _h1351 |
||
| 590 |
_aBATCH-UPD _b10 _c20130110 _lUCH01 _h0706 |
||
| 590 |
_aBATCH-UPD _b10 _c20130410 _lUCH01 _h0351 |
||
| 590 |
_aBATCH-UPD _b10 _c20130914 _lUCH01 _h1316 |
||
| 590 |
_aCONVERSION _b10 _c20130109 _lUCH01 _h1335 |
||
| 650 | 1 | 4 |
_aErosión. _937335 |
| 650 | 1 | 4 |
_aEscurrimiento. _937675 |
| 650 | 1 | 4 |
_aLluvia artificial. _967346 |
| 650 | 1 | 4 |
_aPastos. _985986 |
| 650 | 1 | 4 |
_aSuelos _xConservación. _9110283 |
| 650 | 1 | 4 |
_aSuelos _zMéxico (Edo.). _9110525 |
| 901 | _aBK | ||
| 942 | _cTESIS | ||
| 949 |
_bBC _cTES _d-149101 _eTS1 _h17148 _i71575 _si |
||
| 949 |
_bS _cTES _d-4206 _eTS1 _i71575 _si |
||
| 999 |
_c64270 _d64270 |
||